Contribución de una provincia a la economía nacional en el siglo XIX /
Colección:
San Jorge,
; núm. 3 (juliol 1951), pàg. 6-8
Materias:
Economia -- Catalunya -- S. XIX
Idioma:
Español
MARC
| LEADER | 00000naa a2200000 a 4500 | ||
|---|---|---|---|
| 003 | Arxiu | ||
| 005 | 20260324181030.0 | ||
| 008 | 160829s1951 spc xx s spa c | ||
| 040 | |a agdb | ||
| 100 | 1 | |a Molist Pol, Esteban, |9 25918 |d 1923-2021 | |
| 245 | 1 | 0 | |a Contribución de una provincia a la economía nacional en el siglo XIX / |c por Esteban Molist Pol |
| 490 | |a San Jorge, |v núm. 3 (juliol 1951), pàg. 6-8 | ||
| 650 | |a Economia |x Catalunya |x S. XIX |9 25919 | ||
| 773 | |t San Jorge. |g Núm. 3 (juliol 1951), pàg. 6-8 | ||
| 901 | |a Arxiu | ||
| 942 | |n 1 |2 udc |c ART | ||
| 952 | |0 0 |1 0 |4 0 |7 1 |9 64680 |a Arxiu |b Arxiu |d 2022-12-12 |o Rev-508 |r 2022-12-12 00:00:00 |w 2022-12-12 |y ARXIU | ||
| 999 | |c 46399 |d 46399 | ||